| 000 | 00805nam a22002651 4500 | ||
|---|---|---|---|
| 001 | 33832 | ||
| 003 | BD-RjUL | ||
| 005 | 20211209052051.0 | ||
| 008 | 140511s1901 U b 001 0 eng d | ||
| 035 | _a(BD-RjUL)33924 | ||
| 035 | _a(OCoLC)392922 | ||
| 040 |
_aDLC _cODaWU _dOCoLC _dDLC _dBD-RjUL _beng |
||
| 041 | _aeng | ||
| 082 | 0 | 0 |
_a940.1 _bHAV V-3 1901 |
| 100 | 1 |
_aHallam, Henry, _d1777-1859. _977480 |
|
| 245 | 1 | 0 |
_aView of the state of Europe during the middle ages / _cHenry Hallam _nVolume III |
| 260 |
_aLondon : _bJohn murray, _c1908. |
||
| 300 |
_aiv, 515 p. ; _c18 cm. |
||
| 504 | _aIncludes bibliographical references and index. | ||
| 650 | 0 |
_aMiddle Ages. _977481 |
|
| 651 | 0 |
_aEurope _xHistory _y476-1492. _974533 |
|
| 942 |
_2ddc _cBK |
||
| 999 |
_c33832 _d33832 |
||